Veterinary clinical parasitology / (Record no. 20722)
[ view plain ]
| 000 -LEADER | |
|---|---|
| fixed length control field | 01330cam a22003015a 4500 |
| 001 - CONTROL NUMBER | |
| control field | 16795750 |
| 005 - DATE AND TIME OF LATEST TRANSACTION | |
| control field | 20151203132403.0 |
| 008 - FIXED-LENGTH DATA ELEMENTS--GENERAL INFORMATION | |
| fixed length control field | 110523s2012 enko frb 001 0 eng d |
| 020 ## - INTERNATIONAL STANDARD BOOK NUMBER | |
| International Standard Book Number | 9780813820538 (pbk. : alk. paper) |
| 020 ## - INTERNATIONAL STANDARD BOOK NUMBER | |
| International Standard Book Number | 0813820537 (pbk. : alk. paper) |
| 040 ## - CATALOGING SOURCE | |
| Original cataloging agency | DNLM/DLC |
| Transcribing agency | DLC |
| Modifying agency | DLC |
| Language of cataloging | eng |
| Description conventions | EG-ScBUE |
| 082 04 - DEWEY DECIMAL CLASSIFICATION NUMBER | |
| Classification number | 636.089696 |
| Edition number | 22 |
| Item number | ZAJ |
| 100 1# - MAIN ENTRY--PERSONAL NAME | |
| Personal name | Zajac, A. |
| 9 (RLIN) | 38825 |
| 245 10 - TITLE STATEMENT | |
| Title | Veterinary clinical parasitology / |
| Statement of responsibility, etc | Anne M. Zajac, Gary A. Conboy. |
| 250 ## - EDITION STATEMENT | |
| Edition statement | 8th ed. |
| 260 ## - PUBLICATION, DISTRIBUTION, ETC. (IMPRINT) | |
| Place of publication, distribution, etc | Chichester : |
| Name of publisher, distributor, etc | Wiley-Blackwell, |
| Date of publication, distribution, etc | 2012. |
| 300 ## - PHYSICAL DESCRIPTION | |
| Extent | xi, 354 p. : |
| Other physical details | photographs (col.) ; |
| Dimensions | 25 cm. |
| 500 ## - GENERAL NOTE | |
| General note | Index : p. 327-354.<br/> |
| 504 ## - BIBLIOGRAPHY, ETC. NOTE | |
| Bibliography, etc | Bibliography : p. 325-326.<br/> |
| 505 0# - FORMATTED CONTENTS NOTE | |
| Formatted contents note | Fecal examination for the diagnosis of parasitism -- Detection of protozoan and helminth parasites in the urinary, reproductive, and integumentary systems -- Detection of parasites in the blood -- Immunodiagnostic and molecular diagnostic tests in veterinary parasitology -- Diagnosis of arthropod parasites -- Parasites of fish. |
| 650 #0 - SUBJECT ADDED ENTRY--TOPICAL TERM | |
| Topical term or geographic name as entry element | Veterinary clinical parasitology. |
| Source of heading or term | BUEsh |
| 650 12 - SUBJECT ADDED ENTRY--TOPICAL TERM | |
| Topical term or geographic name as entry element | Parasitic Diseases, Animal |
| Form subdivision | Laboratory Manuals. |
| Source of heading or term | BUEsh |
| 650 22 - SUBJECT ADDED ENTRY--TOPICAL TERM | |
| Topical term or geographic name as entry element | Parasitology |
| Form subdivision | Laboratory Manuals. |
| Source of heading or term | BUEsh |
| 651 ## - SUBJECT ADDED ENTRY--GEOGRAPHIC NAME | |
| Source of heading or term | BUEsh |
| 653 ## - INDEX TERM--UNCONTROLLED | |
| Resource For college | Pharmacy |
| Arrived date list | August2015 |
| -- | December2015 |
| 700 1# - ADDED ENTRY--PERSONAL NAME | |
| Personal name | Conboy, Gary A. |
| 942 ## - ADDED ENTRY ELEMENTS (KOHA) | |
| Source of classification or shelving scheme | Dewey Decimal Classification |
| Withdrawn status | Lost status | Source of classification or shelving scheme | Damaged status | Not for loan | Koha collection | Home library | Current library | Shelving location | Date acquired | Source of acquisition | Cost, normal purchase price | Serial Enumeration / chronology | Total Checkouts | Full call number | Barcode | Date last seen | Cost, replacement price | Koha item type |
|---|---|---|---|---|---|---|---|---|---|---|---|---|---|---|---|---|---|---|
| Dewey Decimal Classification | Baccah | Central Library | Central Library | First floor | 27/08/2015 | 609.00 | 23317 | 636.089696 ZAJ | 000030726 | 15/07/2025 | 761.00 | Book - Borrowing |